[Event "Morelia/Linares 25th"]
[Site "Morelia/Linares"]
[Date "2008.02.17"]
[Round "3"]
[White "Carlsen, Magnus"]
[Black "Anand, Viswanathan"]
[Result "0-1"]
[WhiteElo "2733"]
[BlackElo "2799"]
[Annotator "Anand,Viswanathan"]
[PlyCount "118"]
[EventDate "2008.02.15"]
[EventType "tourn"]
[EventRounds "14"]
[EventCountry "ESP"]
[EventCategory "21"]
[SourceTitle "CBM 123"]
[Source "ChessBase"]
[SourceDate "2008.04.02"]
[SourceVersion "1"]
[SourceVersionDate "2008.04.02"]
[SourceQuality "1"]

1. d4 d5 2. c4 c6 3. Nf3 Nf6 4. Nc3 e6 5. Bg5 h6 6. Bh4 dxc4 7. e4 g5 8. Bg3 b5 9. Ne5 h5 ({RR} 9... Bb7 10. h4 g4 11. Nxg4 Nxg4 12. Qxg4 Qxd4 13. Rd1 Qf6 14. a4 h5 15. Qg5 Qxg5 16. hxg5 a6 17. Be5 Rg8 18. Rxh5 Nd7 19. Bf4 b4 20. Nb1 c5 21. f3 Bg7 22. Rh7 Bd4 23. Bxc4 Nf8 24. Rh5 {Aronian,L (2786)-Leko,P (2752) Moscow 2009 1-0 (43)}) ({RR} 9... Bb7 10. Be2 Nbd7 11. O-O Bg7 12. Nxd7 Nxd7 13. Bd6 Bf8 14. Bxf8 Kxf8 15. f4 Kg7 16. e5 Qb6 17. Bh5 c5 18. d5 exd5 19. Nxd5 Qe6 20. Ne3 Rad8 21. Bg4 Qc6 22. Bf3 Qb6 23. Nf5+ Kf8 24. Bxb7 {Elsness,F (2425)-Grotnes,N (2149) Stavanger NOR 2024 1-0}) ({RR} 9... Bg7 10. h4 Nfd7 11. hxg5 hxg5 12. Rxh8+ Bxh8 13. Qh5 Bxe5 14. Bxe5 Nxe5 15. Qh8+ Kd7 16. Qxe5 Bb7 17. O-O-O Kc8 18. Qg7 Qe7 19. e5 Nd7 20. Ne4 Kc7 21. Nd6 Rf8 22. Be2 a6 23. Bf3 Ba8 24. Qh7 {Kasimdzhanov,R (2683)-Anand,V (2792) Mainz 2007 ½-½ (62)}) 10. f3 {A relatively rare move. Ein relative seltener Zug.} h4 11. Bf2 Bb7 12. Be2 $146 ({RR} 12. Be3 Nfd7 13. Nxd7 Nxd7 14. Qd2 Be7 15. Be2 Rg8 16. g3 Qc7 17. Bf2 a6 18. Rg1 O-O-O 19. O-O-O c5 20. gxh4 cxd4 21. Bxd4 Nc5 22. Qc2 gxh4 23. e5 {0-1 (23) Manninen,M (2420)-Hansen,L (2530) Ostersund 1992}) ({RR} 12. a4 a6 13. Be3 Nh5 14. Qd2 Rg8 15. Be2 f6 16. f4 Ng7 17. Ng4 b4 18. Nd1 gxf4 19. Bxf4 c5 20. d5 exd5 21. exd5 Nf5 22. O-O Bxd5 23. Qxd5 Qxd5 24. Nxf6+ Kd8 25. Nxd5 h3 26. Bc7+ {1-0 (26) Delemarre,J-Moran Reyes,J Bratislava 1993}) 12... Nbd7 13. Nxd7 Nxd7 14. O-O (14. e5 c5 15. Nxb5 Qa5+ {Possible since White hasn't castled. Möglich, da Weiß nicht rochiert hat.} 16. Nc3 h3 {looks rather unpleasant for White. sieht ziemlich unangenehm für Weiß aus.}) 14... e5 $1 {Now White was threatening e5 and e4. Black has equalized, so White should look for an improvement earlier. Nun drohte Weiß e5 und e4. Schwarz hat ausgeglichen, daher sollte der Anziehende vorher nach einer Verbesserung suchen.} 15. a4 a6 16. d5 Rh6 {Inspired by Paco Vallejo's rook against Topalov from Morelia 2006. Black is not really looking at castling kingside, and the rook is incredibly useful on the 6th rank. Inspiriert durch Paco Vallejos Turm gegen Topalov aus dem Turnier Morelia 2006. Die kurze Rochade hat Schwarz nicht wirklich auf dem Plan, und der Turm ist unglaublich nützlich auf der 6. Reihe.} 17. dxc6 Bxc6 18. axb5 axb5 19. Rxa8 Qxa8 {The problem for White is that Black has so much space especially in the kingside where White needs f4 to get things going. Das Problem für Weiß ist, dass Schwarz so viel Raum hat, vor allem am Königsflügel, wo Weiß f4 braucht, um die Dinge in Gang zu bekommen.} 20. Qc1 Rg6 21. Rd1 Bc5 22. Bxc5 Nxc5 23. Qe3 Nb3 $6 (23... Ne6 $1 {The other route to get to d4, but allows White the possibility of b3 which I hoped to avoid The other route to get to d4, but allows White the possibility of b3 which I hoped to avoid} 24. b3 (24. Nd5 Kf8 25. b3 cxb3 26. Qxb3 Nd4) 24... b4 $1 (24... cxb3 25. Nxb5 Qa2 {Not a very human move to make. Kein besonders menschlicher Zug.} 26. Nd6+ Kf8 27. Nf5 (27. Bc4 Nf4) 27... h3 28. gxh3 b2 29. Qb6 Be8 30. Qb4+ Kg8 31. Ne7+ Kh7 32. Nxg6 Kxg6) 25. Nd5 cxb3 26. Qxb3 Qb7 {and it seems White can't take the b4 pawn: und es scheint, als könnte Weiß den Bauern b4 nicht nehmen:} 27. Nxb4 (27. Bc4 Nd4 28. Qe3 Qa7 29. Kh1 Qa3 30. Qd2 h3 $1) 27... Nd4 $17) 24. Qb6 (24. f4 $1 {Shipov suggested this move and it does seem to hold. Shipov suggested this move and it does seem to hold.} gxf4 (24... exf4 25. Qb6 h3 26. Bh5 Rh6 27. Bxf7+ Kxf7 28. Qc7+ Ke8 29. Qe5+ Kf8 30. Qf5+ Kg7 31. Qxg5+ Rg6 32. Qe7+ $11) 25. Qh3 Qa7+ (25... Kf8 26. Qxh4 Kg7 $4 27. Rd8 $1) (25... b4 26. Bh5 (26. Nd5 Bxd5 27. exd5 Nd4) 26... Nd4 27. Bxg6 fxg6 28. Rxd4 exd4 29. Qe6+ {seems to be a draw. scheint remis zu sein.}) 26. Kh1 Nd4 27. Qxh4 Qc7 (27... Qe7 28. Qh8+ Kd7 29. Bh5 $1 (29. Ra1 Qg5 $1 30. Ra7+ Ke6 31. Qc8+ Kf6 32. Qh8+ Rg7 33. Qd8+ Kg6) 29... Qf6 30. Qb8 Rg5 31. Ra1 Rxh5 32. Ra7+ Ke6 33. Qc8+ Kd6 34. Qf8+ Ke6 $11) 28. Bh5 (28. Qh8+ Ke7 29. Qh4+ Rf6 (29... Kf8 30. Qh8+ Rg8 31. Qh6+ {with enough compensation. mit genug Kompensation.}) 30. Bg4) 28... Rg7 29. Bg4 {followed by a1 seems to give White enough play. nebst a1 scheint Weiß genug Spiel zu geben.}) (24. Nd5 Kf8) 24... Nd4 {Now White has little choice but to enter the endgame. Nun bleibt Weiß kaum etwas anderes, als ins Endspiel überzugehen.} 25. Rxd4 exd4 26. Nxb5 (26. Qxd4 Qd8 27. Qh8+ (27. Nxb5 Bxb5 28. Qe5+ Kf8 29. Qxb5 Qb6+ {transposes to the game. führt zur Partie.}) 27... Kd7) 26... Bxb5 27. Qxb5+ Qc6 28. Qe5+ Re6 (28... Qe6 29. Qb8+ Ke7 30. Qa7+ Kf8) 29. Qxd4 (29. Qb8+ Ke7 30. Qa7+ Kf8 31. Qxd4 Qb6 {comes to the same thing. läuft auf dasselbe hinaus.}) 29... Qb6 30. Qxb6 Rxb6 31. Bxc4 Rxb2 {Black needs to keep the king on the first rank. Schwarz muss den König auf der ersten Reihe halten.} 32. g3 (32. Kf1 Ke7 33. Be2 Kd6 34. Kf2 Kc5 35. Ke3 Rb1 36. g3 (36. Bd3 Rh1 37. Kf2 f6 38. Bf1 Kd4 $19) 36... Rh1 $17) 32... f6 (32... Ke7 33. gxh4 (33. e5 Rc2 34. Bb3 (34. Bd3 Rc3 35. Be2 Ke6) 34... Re2 $1) 33... gxh4 34. f4 f6 35. e5 Rd2 $1 {This excellent move takes away d5 and d3 from the white bishop. Dieser hervorragende Zug nimmt dem dem weißen Läufer d5 und d3.} (35... Rb4 36. exf6+ Kxf6 37. Ba6 Kf5 38. Kg2 $1 Kxf4 39. Bc8 $11) (35... f5 36. Bd3 $1 Ke6 37. Bc4+ $11) 36. Bg8 (36. Kh1 f5 37. Ba6 Rd4 38. Kg2 Rxf4 39. Bc8 Kf7 $19) 36... h3 $1) 33. Be6 Ke7 34. Bg4 (34. Bf5 Kd6 35. gxh4 gxh4 36. f4 Re2 $1 {again the key. wieder der Schlüssel.}) (34. Bh3 Kd6 35. gxh4 gxh4 36. f4 Re2 37. Bg2 Kc5 38. Kf1 Rb2 39. e5 f5 40. Bh3 Rb4 41. Ke2 Rxf4 42. Ke3 Re4+ 43. Kf3 Rxe5 44. Kf4 Re2 45. Kxf5 Kd5 46. Kg4 Ke4 47. Kxh4 Kf4 $1) 34... Re2 $3 (34... Kd6 35. gxh4 gxh4 36. f4 Rd2 37. Bh3 Kc5 38. e5 Rd4 39. exf6 Rxf4 40. Kg2 {Once the king escapes from the first rank, its a draw. Wenn der König einmal von der ersten Reihe wegkommt, ist es remis.} Rxf6 41. Bc8 $11) 35. gxh4 gxh4 36. h3 {Now a fortress is no longer possible, so Black wins. Nun ist eine Festung nicht länger möglich, also gewinnt Schwarz.} Kd6 37. Kf1 Rb2 38. f4 Kc5 39. e5 Rb4 40. exf6 Rxf4+ 41. Ke2 Kd4 42. Bf3 Rxf6 43. Bb7 Rb6 44. Bc8 (44. Bg2 Rb3) 44... Ke4 45. Bg4 Rb2+ 46. Ke1 Ke3 47. Kf1 Kf4 48. Ke1 Kg3 49. Kf1 Rf2+ 50. Ke1 (50. Kg1 Rf7 $1 {wins gewinnt.}) 50... Rf4 51. Bc8 Rf8 52. Bg4 Kg2 53. Ke2 Re8+ 54. Kd3 Kf2 55. Bf5 Re3+ 56. Kd4 Kf3 57. Bg4+ Kf4 58. Kd5 Re5+ 59. Kd4 Rg5 (59... Rg5 60. Be6 Rg6 61. Bc8 Rd6+ 62. Kc5 Rd2 {Now the king is far enough. Nun steht der König weit genug weg.} 63. Bg4 Kg3 64. Bf5 Rh2 65. Kd4 Rxh3 {wins. gewinnt.}) 0-1

[Event "Morelia/Linares 25th"]
[Site "Morelia/Linares"]
[Date "2008.03.06"]
[Round "13"]
[White "Aronian, Levon"]
[Black "Carlsen, Magnus"]
[Result "1/2-1/2"]
[WhiteElo "2739"]
[BlackElo "2733"]
[Annotator "Krasenkow,Michal"]
[PlyCount "55"]
[EventDate "2008.02.15"]
[EventType "tourn"]
[EventRounds "14"]
[EventCountry "ESP"]
[EventCategory "21"]
[SourceTitle "CBM 123"]
[Source "ChessBase"]
[SourceDate "2008.04.02"]
[SourceVersion "1"]
[SourceVersionDate "2008.04.02"]
[SourceQuality "1"]

1. d4 Nf6 2. c4 e6 3. Nf3 b6 4. g3 Bb7 5. Bg2 Be7 6. Nc3 O-O 7. Qc2 c5 8. d5 exd5 9. cxd5 Bxd5 $146 {[%mdl 8]} (9... Nxd5 $6 {Compared to the popular line (see Radjabov-Leko and Aronian-Anand in this issue), Black has a kind of an "extra tempo" (his bishop has come to b7 in one go) but that tempo has a negative value!} 10. Qe4 $1 (10. Ng5 $143 Bxg5 11. Nxd5 Bxd5 12. Bxd5 Nc6 13. a3 Bxc1 14. Rxc1 Qe7 15. e3 Qe5 16. Rd1 Rad8 17. O-O Ne7 18. e4 Nc6 19. f4 Nd4 20. Qc4 Qe7 $17 {0-1 Tomovic,V-Pirc,V/Zagreb 1949/EXT 2000 (48)}) 10... Nb4 (10... Nxc3 11. Qxb7 {- had White already castled, Black would have taken on e2 with check!}) (10... f5 11. Qc4 b5 12. Qb3 c4 13. Qxb5 $16 {Knaak}) 11. Qxb7 N8c6 12. Bf4 Nc2+ 13. Kd2 Nxa1 14. Rxa1 Bf6 15. Rd1 Bxc3+ 16. bxc3 Qf6 17. Bh3 d5 18. Bg5 Qg6 19. Ke1 $16 {1-0 Gajewski,G-Hernandez Carmenates,H/Calvia 2006/EXT 2007 (32)}) (9... Na6 $5 {but in the following game Black failed to equalize:} 10. Nh4 d6 11. Nf5 Re8 12. O-O Bf8 13. a3 Bc8 14. Rb1 Nc7 15. b4 $14 Bxf5 16. Qxf5 g6 17. Qc2 Nd7 18. Bf4 $14 {1-0 Tregubov,P-Hernandez Carmenates,H/Merida MEX 2007/The Week in Chess 685 (60)}) 10. Nxd5 Nxd5 11. Nh4 (11. O-O $5 {[%cal Yf1d1]}) 11... Nb4 12. Qd2 N8c6 13. Nf5 Nd4 $146 {[%mdl 512] This exchange sacrifice solves Black's problems. Although he gets doubled pawn with it, his pieces occupy strong squares in the centre.} ({RR} 13... Bf6 14. O-O Na6 15. Rd1 Nc7 16. g4 d5 17. g5 Nd4 18. Nxd4 {½-½ (18) Sargissian,G (2676)-Adams,M (2726) Merida 2008}) ({RR} 13... Bf6 14. O-O Na6 15. Rd1 Nc7 16. Qxd7 Nd4 17. Qxd8 Raxd8 18. Nxd4 Bxd4 19. Kf1 Be5 20. Ke1 Rxd1+ 21. Kxd1 Nb5 22. a4 Rd8+ 23. Ke1 Nd4 24. Be4 Nb3 25. Rb1 Nxc1 26. Rxc1 Bxb2 27. Rc2 Rd4 28. Bd3 {Melkumyan,H (2541)-Tomashevsky,E (2646) Kallithea 2008 ½-½ (66)}) 14. Nxd4 cxd4 15. Bxa8 Qxa8 16. O-O Qe4 17. a3 (17. f3 Qg6) 17... Nc2 18. Ra2 Rc8 {[%csl Gc2]} 19. b3 Rc3 20. Bb2 Rc6 21. Rd1 Bf6 22. Qd3 (22. Rc1 $145 $1 {(Aronian according to Schach 4/2008)}) 22... d5 {[%csl Ge4]} 23. Qf3 (23. Bc1 Rc3 24. Qb5 d3 $1 25. exd3 Qe6 $44 {[%cal Yc2d4]}) 23... h6 24. h4 g5 25. hxg5 hxg5 26. b4 Kg7 27. Qd3 b5 28. Bc1 (28. Bc1 Rc3 $1 29. Qxe4 (29. Qxb5 d3 $1 30. Rxc2 (30. exd3 Qf3 31. Rf1 Rc8 $19) 30... dxc2 31. Rxd5 a6 $1 32. Rxg5+ $8 Bxg5 33. Qxg5+ Qg6 $15) 29... dxe4 $44) 1/2-1/2

[Event "Baku FIDE GP"]
[Site "Baku"]
[Date "2008.04.23"]
[Round "3"]
[White "Carlsen, Magnus"]
[Black "Inarkiev, Ernesto"]
[Result "1-0"]
[WhiteElo "2765"]
[BlackElo "2684"]
[PlyCount "113"]
[EventDate "2008.04.21"]
[EventType "tourn"]
[EventRounds "13"]
[EventCountry "AZE"]
[EventCategory "19"]
[SourceTitle "CBM 124"]
[Source "ChessBase"]
[SourceDate "2008.05.28"]
[SourceVersion "1"]
[SourceVersionDate "2008.05.28"]
[SourceQuality "1"]

1. d4 Nf6 2. Nf3 g6 3. Bg5 Bg7 4. Nbd2 O-O 5. c3 h6 6. Bh4 d6 7. e4 c5 8. dxc5 dxc5 9. Bc4 Nc6 10. O-O Nh5 11. Qe2 ({RR} 11. Re1 Qc7 12. Qc2 Bg4 13. h3 Bd7 14. Nf1 Na5 15. Be2 Be6 16. e5 Nf4 17. Bg3 Nxe2+ 18. Qxe2 Nc6 19. Qe4 Rad8 20. Ne3 Rd7 21. h4 Rfd8 22. h5 g5 23. Nf5 Bxf5 24. Qxf5 e6 25. Qg4 Ne7 {Vachier Lagrave,M (2775)-Safarli,E (2641) Chess.com INT 2015 0-1 (55)}) ({RR} 11. a4 Qc7 12. Qc2 e6 13. Rfe1 b6 14. Bf1 g5 15. Bg3 Nxg3 16. hxg3 g4 17. Nh4 Bb7 18. Nc4 Ne5 19. Nxe5 Qxe5 20. a5 Rfd8 21. axb6 axb6 22. Rad1 Bc6 23. Qb3 Rxd1 24. Qxd1 h5 25. Qb3 Rb8 {Girya,O (2386)-Injac,T (2457) chess.com INT 2025 1-0 (51)}) 11... Qc7 12. Rfe1 Na5 13. Bb5 $146 ({RR} 13. e5 Nxc4 14. Nxc4 Be6 15. a4 Rad8 16. b3 Nf4 17. Qe4 Nd5 18. Rac1 Bf5 19. Qe2 Nf4 20. Qe3 Nd3 21. Bg3 Nxe1 22. Rxe1 e6 23. Nd6 Qc6 24. h4 Bg4 25. Nh2 Bf5 26. Bf4 g5 27. hxg5 hxg5 {Popovic,D (2518)-Sebenik,M (2549) Chess.com INT 2017 1-0 (103)}) ({RR} 13. Bd5 e6 14. Bb3 Nf4 15. Qf1 Nxb3 16. axb3 e5 17. Nc4 Be6 18. Nfd2 g5 19. Bg3 Rfd8 20. Red1 Rd7 21. Nf3 Rxd1 22. Qxd1 Bg4 23. Ne3 Be6 24. c4 a6 25. Qc2 Rd8 26. Nd5 Qd7 27. Re1 Bg4 {Sargissian,G (2514)-Ni,H (2568) Athens 2001 0-1 (48)}) 13... a6 14. Ba4 b5 15. Bc2 e5 16. Nf1 Nf4 17. Qd1 Nc4 18. Qb1 Bg4 19. Bd1 g5 20. Bg3 Rad8 21. h3 Bh5 22. Bxf4 exf4 23. Be2 Bxf3 24. Bxf3 Nd2 25. Nxd2 Rxd2 26. e5 Bxe5 27. Qf5 f6 28. Rad1 Rfd8 29. Qe6+ Kg7 30. Qxa6 b4 31. Rxd2 Rxd2 32. Rd1 bxc3 33. bxc3 Rxd1+ 34. Bxd1 c4 35. Be2 Bxc3 36. Bxc4 Be5 37. Qe6 Qd8 38. Qf7+ Kh8 39. f3 Bd6 40. a4 Bb4 41. Kh2 Qf8 42. Qg6 Be1 43. Bd3 f5 44. a5 Bg3+ 45. Kh1 Qg7 46. Qe8+ Qg8 47. Qe5+ Qg7 48. Qb8+ Qg8 49. Qb6 Qd5 50. Qxh6+ Kg8 51. Qxg5+ Kf7 52. Qxf5+ Qxf5 53. Bxf5 Bf2 54. g4 fxg3 55. f4 Kf6 56. Be4 Be3 57. a6 1-0

[Event "Baku FIDE GP"]
[Site "Baku"]
[Date "2008.04.24"]
[Round "4"]
[White "Mamedyarov, Shakhriyar"]
[Black "Carlsen, Magnus"]
[Result "1-0"]
[WhiteElo "2752"]
[BlackElo "2765"]
[Annotator "Krasenkow,Michal"]
[PlyCount "73"]
[EventDate "2008.04.21"]
[EventType "tourn"]
[EventRounds "13"]
[EventCountry "AZE"]
[EventCategory "19"]
[SourceTitle "CBM 124"]
[Source "ChessBase"]
[SourceDate "2008.05.28"]
[SourceVersion "1"]
[SourceVersionDate "2008.05.28"]
[SourceQuality "1"]

1. d4 Nf6 2. c4 e6 3. Nf3 b6 4. g3 Bb7 5. Bg2 Be7 6. O-O O-O 7. Re1 Na6 8. Ne5 Bxg2 9. Kxg2 c6 {This move is apparently too slow.} (9... Qc8) 10. e4 ({Here is an example of Black taking the initiative:} 10. Nc3 Qc8 11. Bg5 h6 12. Bxf6 Bxf6 13. Ne4 Be7 14. Qb3 d6 15. Nd3 Nc7 16. Nc3 b5 17. c5 $6 dxc5 18. Nxc5 e5 19. e3 exd4 20. exd4 Bxc5 21. dxc5 Qf5 22. Ne4 Ne6 23. Qc3 Rad8 $15 {0-1 Molnar,P-Maiorov,N/Kharkov 2007/CBM 117 ext (63)}) 10... Qc7 11. Nc3 Qb7 12. Nd3 (12. Nf3 b5 13. c5 Ne8 14. Bf4 b4 15. Na4 f5 16. Nd2 fxe4 17. Nxe4 Nac7 18. Be5 Nd5 19. Rc1 Nef6 20. f3 Qc8 21. Nd6 Qa6 22. b3 Bxd6 23. Bxd6 Rf7 24. Qe2 Qa5 25. Qd2 Ne8 26. Be5 Nec7 27. a3 Nb5 28. axb4 Qxb4 29. Qxb4 Nxb4 30. Re3 Nd5 31. Rd3 Raf8 32. Nb2 Nb4 {½-½ Brodsky,M-Chernyshov,K/Dagomys RUS 2008/The Week in Chess 702}) (12. Qf3 Rad8 13. Bf4 d5 14. exd5 cxd5 15. Bg5 h6 16. Bxf6 Bxf6 17. cxd5 exd5 18. Rad1 Nc7 19. Ng4 Rd6 20. Qf5 Rfd8 21. Rd3 $14 {½-½ Greenfeld,A-Rozentalis,E/Panormo 2001/CBM 084 ext (45)}) 12... d5 13. e5 Nd7 14. cxd5 cxd5 15. h4 $146 ({RR} 15. Qg4 Rfe8 16. Bg5 Nb4 17. Bh6 g6 18. Nxb4 Bxb4 19. h4 Rac8 20. Re3 a6 21. h5 Bf8 22. Qf4 Bxh6 23. Qxh6 Nf8 24. Rh1 b5 25. Rf3 Qd7 26. Rh4 b4 27. Nd1 Rc7 28. Ne3 Qe7 29. Ng4 Nd7 {Bachmann,A (2589)-Chernyshov,K (2508) Zalakaros 2014 1-0 (47)}) 15... Nb4 16. Bg5 {A typical manoeuvre - the exchange of bishops in order to open up the h-file. Of course, Black avoids that.} Nxd3 17. Qxd3 Bb4 18. Rec1 a6 19. Ne2 Rfc8 20. h5 h6 21. a3 Bf8 22. Bd2 Rxc1 23. Rxc1 Rc8 24. Rf1 {[%cal Yf2f4,Yf4f5]} b5 25. f4 Qc6 26. Rc1 Qb7 27. Rf1 Qc6 28. Qf3 Qb6 {Start of a wrong plan.} (28... Nb6 $142 29. f5 exf5 30. Qxf5 Qe6 31. Qf3 $14) 29. f5 exf5 30. Bc3 {[%cal Rf3d5]} a5 $2 {Overlooking a tactical blow.} (30... Qc6 31. g4 $16) 31. Bxa5 $1 {[%mdl 64]} (31. Qxd5 {was not bad either.}) 31... Qxa5 32. Qxf5 Qd2 (32... Qd8 33. Qxf7+ Kh7 34. Nf4 $18) 33. Qxf7+ Kh8 34. Rf2 Rd8 35. Qxd5 {[%cal Re5e6,Re2f4]} Qa5 36. Nf4 Qa8 37. Ng6+ (37. Ng6+ Kh7 38. Qxa8 Rxa8 39. Rf7 $18) 1-0

[Event "Baku FIDE GP"]
[Site "Baku"]
[Date "2008.05.03"]
[Round "11"]
[White "Grischuk, Alexander"]
[Black "Carlsen, Magnus"]
[Result "1/2-1/2"]
[WhiteElo "2716"]
[BlackElo "2765"]
[PlyCount "77"]
[EventDate "2008.04.21"]
[EventType "tourn"]
[EventRounds "13"]
[EventCountry "AZE"]
[EventCategory "19"]
[SourceTitle "CBM 124"]
[Source "ChessBase"]
[SourceDate "2008.05.28"]
[SourceVersion "1"]
[SourceVersionDate "2008.05.28"]
[SourceQuality "1"]

1. d4 d5 2. c4 c6 3. Nf3 Nf6 4. Nc3 dxc4 5. a4 Bf5 6. Ne5 Nbd7 7. Nxc4 Nb6 8. Ne5 a5 9. Bg5 g6 10. e3 Bg7 11. Bd3 Be6 12. Be2 Nbd5 13. Bh4 O-O 14. O-O c5 15. Nb5 Ne4 $146 ({RR} 15... Nb4 16. Bf3 cxd4 17. exd4 Bd5 18. Bxd5 Nfxd5 19. Rc1 Rc8 20. Qf3 Nc6 21. Rcd1 Ndb4 22. Qe4 Qd5 23. Qxd5 Nxd5 24. Rfe1 Ncb4 25. b3 Nc2 26. Re2 Nxd4 27. Nxd4 Nc3 28. Nd7 Rfd8 29. Rxe7 Nxd1 30. Nb5 {Maatman,N (2248)-Van Haastert,E (2429) Netherlands 2016 0-1 (39)}) 16. Bf3 cxd4 17. Bxe4 Bxe5 18. Nxd4 Bxd4 19. Qxd4 Nf6 20. Bxb7 Qxd4 21. exd4 Rab8 22. Bc6 Rfd8 23. Bb5 Bd7 24. Rfe1 Kf8 25. Bg3 Rb7 26. Re5 Bxb5 27. Rxb5 Rxb5 28. axb5 Rxd4 29. h3 a4 30. Be5 Rb4 31. Bc3 Rxb5 32. Rxa4 Ne8 33. Kf1 f6 34. Rb4 Rd5 35. Ke2 Nd6 36. Rd4 Rb5 37. Rb4 Rd5 38. Rd4 Rb5 39. Rb4 1/2-1/2